| 000 | 00387nam a2200157Ia 4500 | ||
|---|---|---|---|
| 003 | OSt | ||
| 005 | 20230529143309.0 | ||
| 008 | 211028s2015 xx 000 0 und d | ||
| 040 | _cAIMIT LIBRARY | ||
| 041 | _aeng | ||
| 100 |
_aKrithika, K; Santhosh, B. _98578 _e131912 |
||
| 110 |
_aSanthosh B _98579 |
||
| 245 | _aOnline book seller. | ||
| 260 |
_aMangalore _c2015 |
||
| 942 |
_2ddc _cPRO |
||
| 999 |
_c219958 _d219958 |
||